Normal view
MARC view
- Manvender Kaur A/P Sarjit Singh
Entry Personal Name
001 - CONTROL NUMBER
- control field: 8625
003 - CONTROL NUMBER IDENTIFIER
- control field: OSt
005 - DATE AND TIME OF LATEST TRANSACTION
- control field: 20170530101806.0
008 - FIXED-LENGTH DATA ELEMENTS
- fixed length control field: 170530|| aca||aabn | a|a d
040 ## - CATALOGING SOURCE
- Original cataloging agency: OSt
- Transcribing agency: OSt
100 ## - HEADING--PERSONAL NAME
- Personal name: Manvender Kaur A/P Sarjit Singh
670 ## - SOURCE DATA FOUND
- Source citation: Work cat.: (OSt): Manvender Kaur A/P Sarjit Singh, A Training Needs Analysis For Customs Front-Line Officers :, 2004

PORTAL AKMAL
E-MEL JKDM
AKMAL2U
G-BAM
u-PUSTAKA